00422nam a2200145Ia 4500100001300000650001100013942000700024366000700031654001100038245003700049260000900086546002400095999001700119952014000136 aChapman  aMatlab cBK f25 aMatlab aMATLAB Programming for Engineers b#N/A aENGLISHcPAMPHALETS c34821d34821 001040708CRCaCRCEbCRCEd2023-03-17eDharma Enterprisesg264.75i524 dt 29/04/2010l0o p20520r2023-03-17v353.00w0000-00-00yBK